La Somalie pour les touristes... - Facile - Statistiques

Statistiques générales
  • Ce quiz a été pris 10 fois
  • Le résultat moyen est 11 sur 20
Statistiques - réponses
Question Indice Réponses Indice facile % Correct
Quelles sont les langues officielles ? Arabe A
100%
Code sur les plaques minéralogiques SO
89%
Le suffixe internet est so
89%
Quelles sont les langues officielles ? Somali S
89%
Achats à faire 2/ Boisson en feuille {Thé} noir HET
78%
Quels pays ont accordé son indépendance à celui-ci ? Italie
67%
Le principal aéroport est M Mogadiscio
67%
Ce pays est plus grand que la France (oui/non) Non
67%
Quel est le régime du pays ? République R
67%
Dans la capitale quel est le décalage horaire avec Paris ? (+ ou - et chiffre) ex - 10 + 1
56%
La religion majoritaire est Islam I
56%
Quels pays ont accordé son indépendance à celui-ci ? Royaume-Uni
56%
Quels est le climat local ? T Tropical
56%
Quelles sont les principaux lieux touristiques ? G Laas {Geel} LEGE
44%
Quelles sont les principaux lieux touristiques ? C {Cathédrale} de Mogadiscio LACETREDHA
33%
Achats à faire 1/ Pour la cuisine Epices PIECES
22%
Quelle sont les monnaies ? Shilling somalien S
22%
Quelles sont les principaux lieux touristiques ? A Tour {Almnara} AALMNAR
11%
Quelles sont les principaux lieux touristiques ? S Vieille ville de {Shangai} HSAGIAN
11%
Quelle sont les monnaies ? Dollar US $
0%
Aucun quiz correspondant
Distribution des résultats
% des personnes avec chaque résultat
Percentile par nombre de réponses
Votre historique - résultats
Vous n’avez pas pris ce quiz